| 000 | 00546nam a2200205 a 4500 | ||
|---|---|---|---|
| 005 | 20210219152952.0 | ||
| 008 | 991125n 000 0 u | ||
| 035 | _aUPN01000069777 | ||
| 100 | _aWright, Craig | ||
| 222 | _aSPECIAL LIBRARIES | ||
| 245 | _aCorporate records management and the librarian | ||
| 300 | _a300-304 | ||
| 362 | _a82, No. 4, 1991 | ||
| 505 | _aMarzo 1992 | ||
| 653 | 0 | _aCENTROS DE INFORMACION | |
| 653 | 0 | _aMANEJO DE DOCUMENTOS | |
| 653 | 0 | _aSERVICIOS DE BIBLIOTECA | |
| 904 |
_aAC _b007588 |
||
| 905 | _aArticulo | ||
| 999 |
_c65086 _d65086 |
||